书目信息 |
| 题名: |
病理学(供临床、基础、预防、口腔、药学、检验、护理等专业使用)
|
|
| 作者: | 周庚寅 , 姜叙诚 | |
| 分册: | ||
| 出版信息: | 科学出版社 2006.03 |
|
| 页数: | 478页 | |
| 开本: | 26cm | |
| 丛书名: | 中国科学院教材建设专家委员会规划教材 | |
| 单 册: | ||
| 中图分类: | R36 | |
| 科图分类: | ||
| 主题词: | ||
| 电子资源: | ||
| ISBN: | 7-03-016541-1 | |
| 000 | 01551oam2 2200265 450 | |
| 001 | 012015000221 | |
| 005 | 20150914160707.70 | |
| 010 | @a7-03-016541-1@dCNY65.00 | |
| 100 | @a20070104d2006 em y0chiy0110 ea | |
| 101 | 0 | @achi |
| 102 | @aCN@b110000 | |
| 105 | @ay z 000yy | |
| 106 | @ar | |
| 200 | 1 | @a病理学(供临床、基础、预防、口腔、药学、检验、护理等专业使用)@ABing Li Xue(gong Lin Chuang Ji Chu Yu Fang Kou Qiang Yao Xue Jian Yan Hu Li Deng Zhuan Ye Shi Yong)@f周庚寅,姜叙诚 |
| 210 | @c科学出版社@d2006.03 | |
| 215 | @a478页@d26cm | |
| 225 | 2 | @a中国科学院教材建设专家委员会规划教材 |
| 327 | 0 | @aIntroduction The Discipline of Pathology@aPart A General Pathology@aChapter 1 Adaptation and Injury of Cell and Tissue@aChapter 2 Tissue Repair@aChapter 3 Hemodynamic Disorders and Abnormalities of Blood Supply@aChapter 4 Inflammation@aChapter 5 Neoplasia |
| 330 | @a本书是中国科学院教材建设专家委员会规划教材,医学英文原版改编双语教材之一,该套教材是国内第一套改编自经典英文原版的医学教材,语言纯正,并保留原书图文并茂的特色,低价满足国内医药教育需求。由知名院士及资深教授参与改编,国外专家审定,内容和编排与教育部教学指导方案及全国规划教材一致,符合国内教学实际。适合双语教学,与国际医学教育接轨:既吸收原版教材之精华,又融入国内教材之经典,并有创新发展供医药院校本科、长学制、研究生、留学生双语及全英文教学使用。 | |
| 461 | 0 | @12001 @a中国科学院教材建设专家委员会规划教材 |
| 690 | @aR36@v5 | |
| 701 | 0 | @a周庚寅@AZhou Geng Yin |
| 701 | 0 | @a姜叙诚@AJiang Xu Cheng |
| 801 | 0 | @aCN@b碧洲教育@c20150716 |
| 905 | @a10447@f4@dR36@e241 | |
| 病理学(供临床、基础、预防、口腔、药学、检验、护理等专业使用)/周庚寅,姜叙诚.-科学出版社,2006.03 |
| 478页;26cm.-(中国科学院教材建设专家委员会规划教材) |
| 部分内容:Introduction The Discipline of Pathology;Part A General Pathology;Chapter 1 Adaptation and Injury of Cell and Tissue;Chapter 2 Tissue Repair;Chapter 3 Hemodynamic Disorders and Abnormalities of Blood Supply;Chapter 4 Inflammation;Chapter 5 Neoplasia |
| ISBN 7-03-016541-1:CNY65.00 |
| 本书是中国科学院教材建设专家委员会规划教材,医学英文原版改编双语教材之一,该套教材是国内第一套改编自经典英文原版的医学教材,语言纯正,并保留原书图文并茂的特色,低价满足国内医药教育需求。由知名院士及资深教授参与改编,国外专家审定,内容和编排与教育部教学指导方案及全国规划教材一致,符合国内教学实际。适合双语教学,与国际医学教育接轨:既吸收原版教材之精华,又融入国内教材之经典,并有创新发展供医药院校本科、长学制、研究生、留学生双语及全英文教学使用。 |
| ● |
| 相关链接 |
|
|
|
|
正题名:病理学(供临床、基础、预防、口腔、药学、检验、护理等专业使用)
索取号:R36/241
 
预约/预借
| 序号 | 登录号 | 条形码 | 馆藏地/架位号 | 状态 | 备注 |
| 1 | 0870201 | 208702019 | 第二样本阅览室/ [索取号:R36/241] | 在馆 | |
| 2 | 0870202 | 208702028 | 第三借阅区/ [索取号:R36/241] | 在馆 | |
| 3 | 0870203 | 208702037 | 第三借阅区/ [索取号:R36/241] | 在馆 | |
| 4 | 0870204 | 208702046 | 密集书库-生命科学系/ [索取号:R36/241] | 在馆 |